<?xml version="1.0" encoding="UTF-8"?>
<marc:record xmlns:marc="http://www.loc.gov/MARC21/slim">
   <marc:leader>00000nam a2200000 a 4500</marc:leader>
   <marc:datafield ind1="1" ind2=" " tag="100">
      <marc:subfield code="a">Picoult, Jodi</marc:subfield>
      <marc:subfield code="4">aut</marc:subfield>
      <marc:subfield code="e">Verfasser/-in</marc:subfield>
   </marc:datafield>
   <marc:datafield ind1=" " ind2=" " tag="653">
      <marc:subfield code="a">Familie</marc:subfield>
   </marc:datafield>
   <marc:datafield ind1=" " ind2=" " tag="653">
      <marc:subfield code="a">Behinderung</marc:subfield>
   </marc:datafield>
   <marc:datafield ind1=" " ind2=" " tag="653">
      <marc:subfield code="a">Mutter-Sohn-Beziehung</marc:subfield>
   </marc:datafield>
   <marc:datafield ind1="0" ind2="0" tag="245">
      <marc:subfield code="a">In den Augen der Anderen</marc:subfield>
   </marc:datafield>
   <marc:datafield ind1="0" ind2="0" tag="245">
      <marc:subfield code="b">Roman</marc:subfield>
   </marc:datafield>
   <marc:datafield ind1=" " ind2="1" tag="264">
      <marc:subfield code="b">Ehrenwirth</marc:subfield>
      <marc:subfield code="c">2011</marc:subfield>
   </marc:datafield>
   <marc:datafield ind1="1" ind2=" " tag="520">
      <marc:subfield code="a">Mein Sohn ist anders. Aber er ist kein Mörder. Für Jacob ist Routine lebenswichtig: Er leidet unter dem Asperger-Syndrom. Als seine Erzieherin erschlagen aufgefunden wird, bricht das von Jacobs Mutter mühsam erkämpfte "normale" Familienleben zusammen. Denn Jacob wird des Mordes verdächtigt. Verzweifelt versucht Jacobs Mutter, ihren Sohn zu verteidigen. Doch die Beweise gegen ihn scheinen erdrückend.  Autoren-Porträt von Jodi Picoult: Jodi Picoult, geboren 1967 auf Long Island, lebt nach ihrem Studium in Princeton und Harvard zusammen mit ihrem Mann und drei Kindern in Hanover, New Hampshire. 1992 veröffentlichte sie ihren ersten Roman. 2003 wurde sie für ihre Werke mit dem National England Book Award ausgezeichnet. Sie gehört zu den erfolgreichsten amerikanischen Erzählerinnen weltweit ihr Roman "Beim Leben meiner Schwester" wurde in Hollywood verfilmt. "Das Herz ihrer Tochter" stand wie all ihre letzten Romane in den USA auf Platz 1 der Bestsellerliste. Weiteres zur Autorin: http://www.jodipicoult.de/</marc:subfield>
   </marc:datafield>
   <marc:datafield ind1=" " ind2=" " tag="020">
      <marc:subfield code="a">9783431038415</marc:subfield>
      <marc:subfield code="9">9783431038415</marc:subfield>
   </marc:datafield>
   <marc:datafield ind1="3" ind2=" " tag="024">
      <marc:subfield code="a">9783431038415</marc:subfield>
   </marc:datafield>
</marc:record>
